000 00603nam a2200205Ia 4500
005 20250923150108.0
008 008 250917s9999 xx 000 0 eng d
037 _aTextual
040 _aDSWL
_beng
_cDSWL
041 _aeng
_2eng
084 _aY15OaL:5, N95
_qDSWL
100 _aWright, E Pamela
_9842162
245 0 _aWomen speak out: health issues in southeast Asia
_c by E Pamela Wright
260 _aAmsterdam
_bRoyal Tropical Institute
_c1995
300 _a80p.
365 _aINR
_b475.3
925 _g475.3
942 _cTEXL
_hY15OaL:5, N95
999 _c1459490
_d1459490